| 000 | 00933 a2200241 4500 | ||
|---|---|---|---|
| 020 | _a0007120907 | ||
| 035 | _a(OCoLC)ocm46327668 | ||
| 040 |
_aDLC _bDLC |
||
| 100 | 1 | _aChristie, Agatha, | |
| 245 | 1 | 0 |
_aThree act tragedy: a Hercule Poirot novel _ba Hercule Poirot novel _cChristie, Agatha |
| 246 | 1 | 3 | _aMurder in three acts |
| 250 | _aBerkley ed. | ||
| 260 |
_aNew York : _bBerkley Books, _c1984, c1934. |
||
| 300 |
_a319 p. ; _c18 cm. |
||
| 490 | 0 | _aBerkley mystery | |
| 500 | _aAlso published as: "Murder in three acts." | ||
| 650 | 0 | _aPoirot, Hercule (Fictitious character) | |
| 655 | 7 | _aMystery fiction. | |
| 710 | 2 | _aCopyright Paperback Collection (Library of Congress) | |
| 856 | 4 | 2 |
_3Contributor biographical information _uhttp://www.loc.gov/catdir/enhancements/fy0717/2003612423-b.html |
| 856 | 4 | 2 |
_3Publisher description _uhttp://www.loc.gov/catdir/enhancements/fy0717/2003612423-d.html |
| 942 |
_cBK _k823.912 CHR _2ddc |
||
| 999 |
_c4910 _d4910 |
||